000 00380cam a2200145ua 4500
003 OSt
008 231114b |||||||| |||| 00| 0 eng d
041 _aeng
082 _a937.06
_bGIB/GI
100 _aGibbon, .
_95621
245 _aGibbon`s decline and fall of the Roman Empire vol-5
260 _aLondon :
_bEverymans Library ,
_c1956.
300 _a534 ; .
942 _cBK
999 _c17838
_d17838